<?xml version="1.0" encoding="UTF-8"?>
<record
    xmlns:xsi="http://www.w3.org/2001/XMLSchema-instance"
    xsi:schemaLocation="http://www.loc.gov/MARC21/slim http://www.loc.gov/standards/marcxml/schema/MARC21slim.xsd"
    xmlns="http://www.loc.gov/MARC21/slim">

  <leader>05769cam a2200409 a 4500</leader>
  <controlfield tag="001">12245745</controlfield>
  <controlfield tag="003">EG-GICUC</controlfield>
  <controlfield tag="005">20260408123049.0</controlfield>
  <controlfield tag="008">001031s2000    wj       b    000 0 eng  </controlfield>
  <datafield tag="020" ind1=" " ind2=" ">
    <subfield code="a">9657022215</subfield>
  </datafield>
  <datafield tag="040" ind1=" " ind2=" ">
    <subfield code="a">EG-GICUC</subfield>
    <subfield code="c">EG-GICUC</subfield>
    <subfield code="d">EG-GICUC</subfield>
    <subfield code="b">eng</subfield>
    <subfield code="e">rda</subfield>
  </datafield>
  <datafield tag="082" ind1="0" ind2="4">
    <subfield code="2">21</subfield>
    <subfield code="a">341.48</subfield>
    <subfield code="b">AL . I</subfield>
  </datafield>
  <datafield tag="092" ind1="0" ind2="4">
    <subfield code="2">21</subfield>
  </datafield>
  <datafield tag="099" ind1=" " ind2=" ">
    <subfield code="a">Law1 11 341.48 AL . I 2000</subfield>
  </datafield>
  <datafield tag="100" ind1="1" ind2=" ">
    <subfield code="a">Al-Rayyes, Nasser</subfield>
  </datafield>
  <datafield tag="245" ind1="1" ind2="4">
    <subfield code="a">The Israeli settlements from the perspective of international humanitarian law /</subfield>
    <subfield code="c">by Nasser Al-Rayyes.</subfield>
  </datafield>
  <datafield tag="264" ind1=" " ind2=" ">
    <subfield code="a">Ramallah :</subfield>
    <subfield code="b">Al-Haq Institute,</subfield>
    <subfield code="c">2000.</subfield>
  </datafield>
  <datafield tag="300" ind1=" " ind2=" ">
    <subfield code="a">139 pages ;</subfield>
    <subfield code="c">22 cm.</subfield>
  </datafield>
  <datafield tag="336" ind1=" " ind2=" ">
    <subfield code="a">text</subfield>
    <subfield code="b">txt</subfield>
    <subfield code="2">rdacontent</subfield>
  </datafield>
  <datafield tag="337" ind1=" " ind2=" ">
    <subfield code="a">unmediated</subfield>
    <subfield code="b">n</subfield>
    <subfield code="2">rdamedia</subfield>
  </datafield>
  <datafield tag="338" ind1=" " ind2=" ">
    <subfield code="a">volume</subfield>
    <subfield code="b">nc</subfield>
    <subfield code="2">rdacarrier</subfield>
  </datafield>
  <datafield tag="504" ind1=" " ind2=" ">
    <subfield code="a">Includes bibliographical references (p. 135-138).</subfield>
  </datafield>
  <datafield tag="505" ind1="8" ind2=" ">
    <subfield code="a">Machine generated contents note: Prelude -- Introduction -- Chapter One: The legal nature of Palestine and the -- legal rules that govern it -- 1. International Humanitarian Law's understanding of -- belligerent occupation and its legal rules -- 1-1 Defining belligerentoccupation and its conditions -- 1-2 The rules of International Humanitarian Law -- 1-3 The legal value of the rules of International -- Humanitarian Law -- 2. The Israeli Position Concerning the Applicability of -- the Fourth Geneva Convention on the Palestinian -- territories -- 2-1 The Israeli Legal Justifications for Rejecting the -- Applicability of the Fourth Geneva Convention on the -- occupied Palestinian territories -- 2-2 Discussing and Evaluatingthe Israeli Justifications -- Chapter Two: The Effects of Settlement on the -- Occupied Palestinian Territories -- Section One: Destroying the Palestinian agricultural -- sector -- Section Two: Besieging Palestinian cities and urban -- areas -- Section Three: Seizingwater resources -- Section Four: Terrorizing the people and pushing them -- to leave -- Section Five: Destroying and devastating the -- agricultural land and private properties -- Section Six: Destroying and devastating the Palestinian -- environment -- Chapter Three: The Legal Justifications for the -- SettlementActivities -- Section One: The Israeli official and juristic -- justifications forthe settlement activities -- Section Two: Discussing and evaluating the Israeli -- justifications -- Chapter Four: Evaluation of the Israeli Settlement -- Practices in Light of International Humanitarian -- Law -- Section One: The Regulation of International -- Humanitarian Law Pertaining to the Rights and -- Obligations of the Occupier towards Persons and -- Properties in Occupied Lands -- Section Two: Israeli Practices and the Level of -- Compliance with the Rules and Regulations of -- International Humanitarian Law -- Section Three: Legal Interpretation of Settlement -- Activity -- Part one: The Legal interpretation of Settlements in -- Light of the Rules and Regulations of International -- Humanitarian Law -- Part Two: The Legal Interpretation of Settlement -- Activities in Light of nternational Law -- 1. Israeli settlement activities infringe upon the -- principles of the right of nations to self-determination. -- 1.1 The concept of the right of nations to self- -- determination -- 1.2 The Right of the Palestinian People to Self- -- Determination and its Conditions -- 1.3 The Impact of Israeli Settlements on the Right of the -- Palestinian People to Self-Determination -- 2. Israeli Settlements and the Violation of the Rules and -- Principles of nternational Humanitarian Law -- 2.1. InternationalLegal Definition of Human Rights -- 2.2. The Legal Value of International Law Pertaining to -- Human Rights -- 2.3 Definition of Human Rights -- 2.4 The Legal Interpretation of Human Rights -- 2.5 The Impact of Settlement on the Rights and Liberties -- of the Palestinians -- 3. Israeli Settlements are in Violation of the United -- Nations Charter and IsraelAs Contractual Commitments -- 3.1. The Legal Nature of the United Nations Charter -- 3.2. Israeli settlements are clear violations of the -- provisions and principles of the Charter -- Chapter Five: The International Responsibility of the -- Israeli Occupying State for its Settlement Activities in -- the Occupied Palestinian Territories -- Section One: Israel's International Responsibility -- Part One: Israel's CivilResponsibility -- Part Two: srael's CriminalResponsibility -- Section Two: The Legal Implications of Israeli -- International Responsibility on Third Parties -- 1. Obligations of States in Confronting Other States' -- lVolations of theProvisions of International Law -- 1.1 The Negative Obligations of States in Response to -- Israel's Violations of the Rules and Regulations of -- International Humanitarian Law and International -- Law in General -- 1.2. States' Positive Obligations towards Israel's -- Violations of the Rules of Intetnational Humanitarian -- Law and International Law -- 1.2.1. Intervention to Stop and Confront Israeli -- Violations -- 1.2.2. Assisting and Supporting the Palestinian -- People in Confronting these Violations -- 2. The Obligatios of the United Nations in -- Confronting Israeli Violations -- 2.1. Obligations of the Security Council -- 2.2. The Obligations of the GeneralAssembly.</subfield>
  </datafield>
  <datafield tag="546" ind1=" " ind2=" ">
    <subfield code="a">Text in English</subfield>
  </datafield>
  <datafield tag="650" ind1=" " ind2="0">
    <subfield code="a">Humanitarian law.</subfield>
  </datafield>
  <datafield tag="650" ind1=" " ind2="0">
    <subfield code="a">Land settlement</subfield>
    <subfield code="x">Law and legislation.</subfield>
  </datafield>
  <datafield tag="650" ind1=" " ind2="0">
    <subfield code="a">Land settlement</subfield>
    <subfield code="z">West Bank.</subfield>
  </datafield>
  <datafield tag="650" ind1=" " ind2="0">
    <subfield code="a">Israelis</subfield>
    <subfield code="z">West Bank.</subfield>
  </datafield>
  <datafield tag="650" ind1=" " ind2="0">
    <subfield code="a">Land settlement</subfield>
    <subfield code="z">Gaza Strip.</subfield>
  </datafield>
  <datafield tag="650" ind1=" " ind2="0">
    <subfield code="a">Israelis</subfield>
    <subfield code="z">Gaza Strip.</subfield>
  </datafield>
  <datafield tag="650" ind1=" " ind2="4">
    <subfield code="a">Public international law</subfield>
  </datafield>
  <datafield tag="856" ind1="4" ind2="1">
    <subfield code="u">https://fll.law.cu.edu.eg/fulltext/bks/B11-09747.pdf</subfield>
  </datafield>
  <datafield tag="905" ind1=" " ind2=" ">
    <subfield code="a">30</subfield>
  </datafield>
  <datafield tag="942" ind1=" " ind2=" ">
    <subfield code="2">ddc</subfield>
    <subfield code="c">BK</subfield>
    <subfield code="e">21</subfield>
    <subfield code="n">0</subfield>
  </datafield>
  <datafield tag="999" ind1=" " ind2=" ">
    <subfield code="c">69698</subfield>
    <subfield code="d">69698</subfield>
  </datafield>
  <datafield tag="952" ind1=" " ind2=" ">
    <subfield code="0">0</subfield>
    <subfield code="1">0</subfield>
    <subfield code="2">ddc</subfield>
    <subfield code="4">0</subfield>
    <subfield code="7">1</subfield>
    <subfield code="8">&#x627;&#x644;&#x642;&#x627;&#x646;&#x648;&#x646; &#x627;&#x644;&#x62F;&#x648;&#x644;&#x64A; &#x627;&#x644;&#x639;&#x627;&#x645;</subfield>
    <subfield code="a">CU</subfield>
    <subfield code="b">LAW1</subfield>
    <subfield code="d">2026-04-08</subfield>
    <subfield code="e">&#x625;&#x647;&#x62F;&#x627;&#x621; &#x645;&#x643;&#x62A;&#x628;&#x629; &#x627;&#x644;&#x623;&#x633;&#x62A;&#x627;&#x630; &#x627;&#x644;&#x62F;&#x643;&#x62A;&#x648;&#x631; &#x635;&#x644;&#x627;&#x62D; &#x639;&#x627;&#x645;&#x631; </subfield>
    <subfield code="l">0</subfield>
    <subfield code="o">Law1 11 341.48 NA . I 2000 1109747 C1</subfield>
    <subfield code="p">B11-09747</subfield>
    <subfield code="r">2026-04-08 12:31:00</subfield>
    <subfield code="t">1</subfield>
    <subfield code="w">2026-04-08</subfield>
    <subfield code="y">BK</subfield>
  </datafield>
</record>
